00703nam a22002297a 4500001000500000005001700005020001800022040002900040050001000069082000800079100002200087245012400109260003200233300003300265505000700298520006800305521002600373521001700399650001000416650001300426700003400439205420231103114109.0 a9780152051419 aFISKHbengcFISKHdFISKH aPZ8.3 a110 aButler, Kristi T. aA big surprise /cGreen Light Readers For the reader who's ready to GO! Kristi T. Butler Illustrated by Pamela Paparone aNew York :bHarcourt,c2005 c20 cma21 unnumbered pages : aE  aMouse is surprised when her friends throw her a birthday party. a300 bLexile Estimate aE bRaz-Plus aParty aBirthday aPaparone, PamelacIllustrator